| 000 | 00639nam a22002177a 4500 | ||
|---|---|---|---|
| 999 |
_c3952 _d3952 |
||
| 003 | AR-CdUCM | ||
| 008 | 190307b ||||| |||| 00| 0 spa d | ||
| 040 |
_aMUNICIPALIDAD PROVINCIAL DEL CUSCO _cBIBLIOTECA MUNICIPAL DEL CUSCO |
||
| 082 |
_a869.56 / _bV29 |
||
| 100 |
_aVargas Prada, Julio _912644 |
||
| 245 |
_aLas manzanas todavía están prohibidas : _bAñoranzas / |
||
| 260 |
_aLima : _c1966. |
||
| 300 |
_a88 paginas ; _c21 cm. |
||
| 505 | _aContenido : cuentos / | ||
| 650 |
_aLiteratura peruana _9169 |
||
| 650 |
_aCuentos _9217 |
||
| 650 |
_aCostumbres _9230 |
||
| 650 |
_aSiglo XX _98 |
||
| 942 |
_2ddc _cLIBROS |
||
| 945 | _arjall | ||